| 000 | 01027nam a2200253 a 4500 | ||
|---|---|---|---|
| 001 | 74181 | ||
| 003 | BD-RjUL | ||
| 005 | 20211209082516.0 | ||
| 008 | 180314s2017 bg ||||| i||| 001 0 eng d | ||
| 020 |
_a9789849186137 _cTk. 300 |
||
| 035 | _a(BD-RjUL)74399 | ||
| 040 |
_aBD-RjUL _beng _cBD-RjUL |
||
| 041 | _aben | ||
| 082 |
_223 _a110 _bARI 2017 |
||
| 245 |
_aএ্যারিস্টটলের অধিবিদ্যা / _cঅনুবাদ ; আবদুল জলিল মিয়া |
||
| 260 |
_aঢাকা : _bমাওলা ব্রাদার্স , _c২০১৭ |
||
| 300 |
_a১৫, ২৯২ পৃ. ; _c22 সেমি. |
||
| 500 | _aইনডেক্স সংযোজিত | ||
| 600 |
_aঅ্যারিস্টট্ল - আধ্যাত্মিকতা _9220602 |
||
| 600 |
_aAristotle. -- Metaphysics. _9220607 |
||
| 650 |
_aআধ্যাত্মিকতা (অ্যারিস্টট্ল) _9220603 |
||
| 650 |
_aMetaphysics (Aristotle) _9220604 |
||
| 942 |
_2ddc _cBK |
||
| 999 |
_c74181 _d74181 |
||